Science Quiz

Random Science Quiz

Calculus BC Quiz Stats

 Plays Quiz not verified by Sporcle

Also try: 'I'-Less Elements
Challenge
Share
Tweet
Embed
Score 0/20 Timer 05:00
0 Plays Today
Definition Term % Correct
d(fx*gx)/dx=f'xgx+g'xfxProduct rule
88.3%
d(fx/gx)/dx=(f'xgx-g'xfx)/g2xQuotient rule
87.5%
Derivative of velocityAcceleration
83.1%
A function is ________ at x=a if lim f(x) and f(a) exist and are equal.Continuous
68.8%
A point at which a curve changes from concave up to concave down, or vice-versa.Inflection Point
57.3%
A line or curve that the graph of a relation approaches more and more closely the further the graph is followed.Asymptote
57%
The integral of accelerationVelocity
51.6%
A series which alternates between positive and negative termsAlternating series
44.8%
A theorem which allows the computation of the limit of an expression by trapping the expression between two other expressions which have limits that are easier to compute.Squeeze Theorem
44%
Sharp point on a curve in which slope is not differentiableCusp
43.5%
Definition Term % Correct
A class of problems in which rates of change are related by means of differentiationRelated Rates
42.2%
A point (x, y) on the graph of a function at which the derivative is either 0 or undefined.Critical point
41.7%
A technique used to evaluate limits of fractions that evaluate to the indeterminate expressions 0 and infinity. This is done by finding the limit of the derivatives of the numeratoLHopital's Rule
38.3%
A series is _______ if the absolute value of the series converges.Absolutely convergent
31.5%
The process of finding the derivative of an explicit function.Explicit differentiation
17.4%
The process of writing any proper rational expression as a sum of proper rational expressionsPartial Fractions
17.2%
A series which represents a function as a polynomial that goes on forever and has no highest power of xPower Series
14.1%
An extreme value of a functionExtremum
13%
Any real number, or any quantity that can be measured using a single real numberScalar
8.9%
A discontinuity for which the graph steps or jumps from one connected piece of the graph to another.Jump continuity
0.5%

You're not logged in!

Compare scores with friends on all Sporcle quizzes.
Join for Free
OR
Log In

You Might Also Like...

Show Comments

Extras

Created Jun 8, 2011ReportNominate
Tags:calculus, Terms Review

Top Quizzes Today


Score Distribution

Your Account Isn't Verified!

In order to create a playlist on Sporcle, you need to verify the email address you used during registration. Go to your Sporcle Settings to finish the process.

Report this User

Report this user for behavior that violates our Community Guidelines.

Details: